|
|
|
|
| LEADER |
00000nam a2200000 a 4500 |
| 001 |
vtls008989709 |
| 003 |
SK-MaSNL |
| 005 |
20260301093344.0 |
| 008 |
251031s2007 xo g 001 0 slo |
| 015 |
|
|
|a SNBA2007/09-04215
|
| 020 |
|
|
|a 9788088952381
|q (brož.)
|z 8088952387
|
| 035 |
|
|
|a B4716991-5D71-40D1-A18F-244653A68D48
|
| 035 |
|
|
|a urn:nbn:sk:snk-aml3s0
|
| 035 |
|
|
|a urn:nbn:sk:snk-am008kfa
|
| 040 |
|
|
|a SNK
|b slo
|c SNK
|e AACR2
|
| 041 |
1 |
|
|a slo
|h ger
|
| 044 |
|
|
|a xo
|c SK
|
| 072 |
|
7 |
|a 159.92
|x Vývinová psychológia. Psychológia osobnosti
|2 konspekt
|
| 080 |
|
|
|a 159.923
|2 2001
|
| 080 |
|
|
|a 159.923.2
|2 2001
|
| 080 |
|
|
|a 159.964.2
|2 2001
|
| 080 |
|
|
|a (048.8)
|2 2001
|
| 100 |
1 |
|
|a Erdély, Zoltán E.,
|d 1918-
|4 aut
|9 396845
|
| 240 |
1 |
0 |
|a Wie sage ich's meiner Mutter? Das enteignete Selbst
|l Slovensky
|
| 245 |
1 |
0 |
|a Ako to poviem mojej mame?
|b vyvlastnené self
|c Zoltán E. Erdély ; preložil Adam Bžoch
|
| 250 |
|
|
|a 1. vyd.
|
| 260 |
|
|
|a Trenčín
|b Vydavateľstvo F
|c 2007
|
| 300 |
|
|
|a 77 s.
|c 21 cm
|
| 504 |
|
|
|a Bibliogr. s. 74. Pozn. Reg.
|
| 650 |
0 |
7 |
|a psychológia osobnosti
|2 SNKPH
|9 3576
|
| 650 |
0 |
7 |
|a ego
|2 SNKPH
|9 26800
|
| 650 |
0 |
7 |
|a psychoanalýza
|2 SNKPH
|9 14021
|
| 655 |
|
7 |
|a štúdie
|2 SNKPH
|9 57033
|
| 700 |
1 |
|
|a Bžoch, Adam,
|d 1966-
|4 trl
|9 97719
|
| 919 |
|
|
|a 978-80-88952-38-1
|
| 958 |
|
|
|a NB
|
| 958 |
|
|
|a OP
|
| 958 |
|
|
|a OND
|
| 968 |
|
|
|b DT
|d 1
|
| 999 |
|
|
|c 676749
|d 678679
|
| 952 |
|
|
|a SNK
|b SNK
|y PREZ
|7 0
|p 17A0551368
|o snkSC 127915
|i snk2007/12772
|8 0
|0 0
|1 0
|4 0
|d 2007-05-16
|f 1
|l 0
|r 2025-06-17 00:00:00
|w 2026-02-23
|
| 952 |
|
|
|a SNK
|b SNK
|y VYP
|7 0
|p 17A0551369
|o snkSC 127915 D1
|i snk2007/12773
|8 0
|0 0
|1 0
|4 0
|d 2007-05-16
|l 0
|r 2026-02-23 19:44:47
|w 2026-02-23
|